000 00888nam a2200217 a 4500
001 1027
003 BR-CuiBMT
005 20231126175802.0
008 231126s2005 mtb 000 0 por d
040 _aBR-CuiBMT
_cBR-CuiBMT
080 _22007
_a342.4
_x(817.2)"1989"
090 _a342.4(817.2)"1989"
_bC758
245 0 0 _aConstituição do Estado de Mato Grosso /
_cOrganizador: Zaluir Pedro Assad.
250 _a2. ed., rev. e atual.
260 _aCuiabá :
_bFábrika das Letras,
_c2005.
300 _a249 p. ;
_c22 cm
500 _aPromulgada em 05 de outubro de 1989. Publicada no Diário Oficial em 18 de outubro de 1989. Atualizada até a Emenda Constitucional nº 36, de 15/06/2005. E Lei Complementar nº 216, de 04/07/2005. Texto atualizado, com destaque para o texto original.
504 _aInclui bibliografia.
650 _aConstituição
_zMato Grosso
942 _2udc
_cLV
999 _c1027
_d1027